|
|
|
|
| LEADER |
00000cam a2200000 7i4500 |
| 001 |
0000023107 |
| 005 |
20111012.0 |
| 008 |
110411 my a may |
| 040 |
|
|
|a INS
|
| 090 |
0 |
0 |
|a M293
|
| 110 |
1 |
|
|a Kursus pembangunan sahsiah dalam organisasi ,
|d 2010 8 - 11 November
|c INSPEN, Bangi
|
| 245 |
0 |
0 |
|a Kursus pembangunan sahsiah dalam organisasi :
|b 8 - 11 November 2010
|c Anjuran Pusat Pengurusan dan Teknologi Maklumat, INSPEN
|
| 260 |
|
|
|a Bangi :
|b Institut Penilaian Negara ,
|c 2010
|
| 300 |
|
|
|a 1v. ( Various pagings ) :
|b ill ;
|c 30 cm.
|
| 650 |
|
0 |
|a Personality developmant
|x Organization
|
| 710 |
1 |
|
|a INSPEN ( Institut Penilaian Negara )
|
| 856 |
|
|
|
| 999 |
|
|
|a M000000665
|b BOOK
|c Course Notes
|e Default branch
|
| 999 |
|
|
|a M000000666
|b BOOK
|c Course Notes
|e Default branch
|
| 999 |
|
|
|a M000000676
|b BOOK
|c Course Notes
|e Default branch
|